00439nam a2200157Ia 4500008004100000082001000041100002700051245003000078260002800108300000800136501005300144600001200197630003000209700001200239730003000251090122s9999 xx 000 0 und d b11330 aGARDNERbERLEcSTANLEY aTHE CASE OF THE EMPTY TIN bMASTER MIND BOOKSc2000 a224 a"व्ही आर सबनीस, भेट" aGARDNER aTHE CASE OF THE EMPTY TIN aGARDNER aTHE CASE OF THE EMPTY TIN